000 00777aab a2200193 4500
001 768714001
003 CO-MdFUSB
005 20230111173617.0
008 220914s1989 gt ||||| |||| 00| 0 spa d
040 _bspa
_cCO-MdFUSB
_dCO-MdFUSB
041 _aspa
100 1 _aSuazo Jr, David
_eautor
245 1 0 _aFilosofía de la predicación expositiva
_c/ David Suazo J.
300 _aNúmero 5 (Julio - Diciembre, 1989), páginas 55-73
_c; 22 cm
520 _aEn este articulo se presentaran las características distintivas de la predicación expositiva en un intento de formular una filosofía bíblica y contextual de la misma.
650 0 _954
_aPredicación
773 0 _tKairós
_049489
_961210
_gNúmero 5 (Julio - Diciembre, 1989), páginas 55-73
_qpágina 55
942 _cCR
999 _c51155
_d51155